000 01151cab a2200253 4500
001 WB3522-30
008 090401t1999 xxu||||| |||| 00| 0 eng d
035 _a(Sirsi) u93839
041 _aeng
245 _aSuspense story
260 _c1999
350 _a0
490 _aEstates Gazette
_v(9925) 5 June 1999, 48(1)
520 _aDiscusses P&O Property Holdings Ltd v International Computers Ltd in which the issue was whether a rent suspension clause covered amounts payable by the tenant under the lease as additional rents in respect of insurance, service charge, repairs or otherwise. Inconsistencies in the definition of rent in the lease allowed the court to distinguish between rack-rent and other charges. The court refused to interpret the lease in a way that would mean that payment provisions acted capriciously.
650 _aCOMMERCIAL LEASES
650 _aP&O PROPERTY HOLDINGS LTD V INTERNATIONAL COMPUTERS LTD
650 _aRENT SUSPENSION CLAUSE
650 _aREPAIRS
650 _aRESERVED RENT
650 _aSERVICE CHARGES
690 _aLANDLORD AND TENANT-BUSINESS TENANCIES
942 _n0
948 _c09/06/1999
999 _c59472
_d59472